[Event "TUR-chT2"]
[Site "Konya"]
[Date "2018.07.15"]
[Round "9.10"]
[White "Yildirak, Mizgin"]
[Black "Koruoglu, Sinem"]
[Result "0-1"]
[WhiteElo "1517"]
[BlackElo "1346"]
[PlyCount "90"]
[EventDate "2018.07.10"]
[EventType "team-swiss"]
[EventRounds "9"]
[EventCountry "TUR"]
[SourceTitle "EXT 2019"]
[Source "ChessBase"]
[SourceDate "2018.10.10"]
[SourceVersion "1"]
[SourceVersionDate "2018.10.10"]
[SourceQuality "1"]
[WhiteTeam "Aydin Zeybek"]
[BlackTeam "Burhaniye"]
[WhiteTeamCountry "TUR"]
[BlackTeamCountry "TUR"]

1. Nf3 d5 2. c4 c6 3. d4 Nf6 4. Nc3 Bf5 5. Bf4 e6 6. e3 Bd6 7. Ne5 0-0 8. Be2 Bb4 9. 0-0 Bxc3 10. bxc3 Ne4 11. Qb3 Qb6 12. Rfc1 f6 13. Nf3 g5 14. Bg3 h5 15. cxd5 Qxb3 16. axb3 exd5 17. Bc7 Nd7 18. Ba5 Bg4 19. c4 Rfc8 20. h3 Be6 21. Nd2 Nxd2 22. Bxd2 h4 23. f3 a6 24. e4 Nf8 25. Bd3 Bf7 26. Bc3 Rd8 27. Rf1 Ng6 28. exd5 cxd5 29. c5 Nf4 30. Rad1 Kg7 31. Kf2 Re8 32. Bb2 Bg6 33. Bxg6 Re2+ 34. Kg1 Rxg2+ 35. Kh1 Rxb2 36. Rb1 Rxb1 37. Bxb1 Nxh3 38. Re1 Kf7 39. Kg2 Nf4+ 40. Kf2 Re8 41. Rxe8 Kxe8 42. Bf5 Kd8 43. Bg4 Kc7 44. Ke3 h3 45. Kf2 h2 0-1

[Event "TUR-chT2"]
[Site "Konya"]
[Date "2018.07.13"]
[Round "6.17"]
[White "Aydogan, Sumeyye"]
[Black "Yildirak, Mizgin"]
[Result "1-0"]
[WhiteElo "1143"]
[BlackElo "1517"]
[PlyCount "171"]
[EventDate "2018.07.10"]
[EventType "team-swiss"]
[EventRounds "9"]
[EventCountry "TUR"]
[SourceTitle "EXT 2019"]
[Source "ChessBase"]
[SourceDate "2018.10.10"]
[SourceVersion "1"]
[SourceVersionDate "2018.10.10"]
[SourceQuality "1"]
[WhiteTeam "Afyonkarahisar Deha"]
[BlackTeam "Aydin Zeybek"]
[WhiteTeamCountry "TUR"]
[BlackTeamCountry "TUR"]

1. Nf3 d5 2. g3 c6 3. Bg2 Bf5 4. 0-0 Nf6 5. c4 e6 6. d4 Nbd7 7. Nc3 Bd6 8. c5 Be7 9. b4 b6 10. a4 h6 11. Re1 0-0 12. Nd2 bxc5 13. bxc5 Qa5 14. Bb2 Rab8 15. Nb3 Qb4 16. Ra3 Nxc5 17. Na2 Qb6 18. a5 Qb7 19. dxc5 Bxc5 20. Nxc5 Qxb2 21. Qc1 Qb5 22. Qc3 Qb2 23. Na6 Rb5 24. Qxb2 Rxb2 25. N2b4 c5 26. Nc6 Rb7 27. Rc3 c4 28. Nd4 Be4 29. Nc5 Rc7 30. Nxe4 dxe4 31. e3 Rb8 32. Rec1 Rb4 33. h3 Ra4 34. Nb5 Rc5 35. Nd6 Rcxa5 36. Rxc4 Rxc4 37. Rxc4 Ra1+ 38. Bf1 a5 39. Nxe4 Nd5 40. Nc3 Nb4 41. Nb5 Rb1 42. Kg2 a4 43. Rc3 Rb3 44. Rc8+ Kh7 45. Ra8 Rb2 46. Rxa4 Nd5 47. Re4 Nf6 48. Ra4 Nd5 49. Kf3 Kg6 50. Nd6 f5 51. g4 Rb6 52. Nc4 Rb1 53. Bd3 Rb3 54. gxf5+ exf5 55. Be2 Kg5 56. h4+ Kf6 57. Ra6+ Ke7 58. Ne5 Rb2 59. Bc4 Nf6 60. Re6+ Kd8 61. Nf7+ Kd7 62. Ne5+ Kd8 63. Nd3 Rc2 64. Bb5 Ne4 65. Re8+ Kc7 66. Re7+ Kb6 67. Bd7 g6 68. Be8 Rd2 69. Bxg6 Rxd3 70. Bxf5 Nd2+ 71. Ke2 Rd6 72. Re6 Rxe6 73. Bxe6 Ne4 74. Kf3 Nc5 75. Bf5 Kc6 76. Kf4 Kd6 77. Kg4 Ke5 78. f4+ Kf6 79. e4 Kg7 80. e5 Kf7 81. h5 Kg7 82. Bg6 Nd7 83. Kf5 Nf8 84. e6 Nxg6 85. hxg6 h5 86. e7 1-0

[Event "TUR-chT 2nd League"]
[Site "Konya"]
[Date "2017.07.22"]
[Round "8.9"]
[White "Yildirak, Mizgin"]
[Black "Akar, Nilay"]
[Result "0-1"]
[WhiteElo "1519"]
[BlackElo "1478"]
[PlyCount "62"]
[EventDate "2017.07.17"]
[EventType "team-swiss"]
[EventRounds "9"]
[EventCountry "TUR"]
[SourceTitle "CBM 179 Extra"]
[Source "ChessBase"]
[SourceDate "2017.08.23"]
[SourceVersion "1"]
[SourceVersionDate "2017.08.23"]
[SourceQuality "1"]
[WhiteTeam "Altin Hamle Corum"]
[BlackTeam "Kahramanmaras Ustad"]
[WhiteTeamCountry "TUR"]
[BlackTeamCountry "TUR"]

1. d4 d5 2. g3 Nf6 3. Bg2 e6 4. Nf3 c5 5. c3 Nc6 6. 0-0 Bd6 7. Bg5 h6 8. Bxf6 Qxf6 9. Nbd2 Bd7 10. dxc5 Bxc5 11. Nb3 Bb6 12. Qd3 Ne5 13. Nxe5 Qxe5 14. e4 Bc6 15. exd5 0-0-0 16. a4 Bxd5 17. Qb5 Qf5 18. Qb4 Bxg2 19. Kxg2 Bc7 20. a5 a6 21. c4 Qe4+ 22. Kg1 h5 23. Rfe1 Qc6 24. Rad1 Rxd1 25. Rxd1 Qf3 26. Rd2 h4 27. Nd4 Qe4 28. Nc2 hxg3 29. fxg3 Bxg3 30. hxg3 Rh1+ 31. Kf2 Rh2+ 0-1

[Event "TUR-chT 2nd League"]
[Site "Konya"]
[Date "2017.07.20"]
[Round "6.10"]
[White "Yildirak, Mizgin"]
[Black "Gemrekoglu, Nadin"]
[Result "0-1"]
[WhiteElo "1519"]
[BlackElo "1644"]
[PlyCount "98"]
[EventDate "2017.07.17"]
[EventType "team-swiss"]
[EventRounds "9"]
[EventCountry "TUR"]
[SourceTitle "CBM 179 Extra"]
[Source "ChessBase"]
[SourceDate "2017.08.23"]
[SourceVersion "1"]
[SourceVersionDate "2017.08.23"]
[SourceQuality "1"]
[WhiteTeam "Altin Hamle Corum"]
[BlackTeam "Istanbul Sisli"]
[WhiteTeamCountry "TUR"]
[BlackTeamCountry "TUR"]

1. d4 g6 2. c4 Bg7 3. e4 d6 4. Nc3 Nf6 5. Be3 b6 6. Bd3 Bb7 7. f3 Nbd7 8. Nge2 0-0 9. 0-0 e5 10. d5 Qe7 11. Qd2 Nc5 12. Bc2 a5 13. Bh6 Ba6 14. b3 Kh8 15. Bxg7+ Kxg7 16. Rae1 Rae8 17. Ng3 Bc8 18. Qe3 h5 19. Qd2 h4 20. Nge2 Nh5 21. f4 exf4 22. Nxf4 Rh8 23. a3 Nxf4 24. Qxf4 Nd7 25. Re2 Ne5 26. Ref2 g5 27. Qf6+ Qxf6 28. Rxf6 Re7 29. Nb5 Ng4 30. R6f3 Ne5 31. Rf6 h3 32. g3 Ng4 33. R6f3 Rh6 34. b4 axb4 35. axb4 Rf6 36. Nc3 Rxf3 37. Rxf3 Ne5 38. Rf1 Nxc4 39. Ra1 Bg4 40. Kf2 Ne5 41. Kg1 Nf3+ 42. Kh1 Nd2 43. Re1 f5 44. Re3 Bf3+ 45. Kg1 Bxe4 46. Kf2 Kf6 47. Bxe4 Nxe4+ 48. Nxe4+ Rxe4 49. Rb3 Rd4 0-1

[Event "TUR-chT 2nd League"]
[Site "Konya"]
[Date "2017.07.19"]
[Round "4.8"]
[White "Yildirak, Mizgin"]
[Black "Bozkurt, Hatice Mislina"]
[Result "0-1"]
[WhiteElo "1519"]
[BlackElo "1250"]
[PlyCount "84"]
[EventDate "2017.07.17"]
[EventType "team-swiss"]
[EventRounds "9"]
[EventCountry "TUR"]
[SourceTitle "CBM 179 Extra"]
[Source "ChessBase"]
[SourceDate "2017.08.23"]
[SourceVersion "1"]
[SourceVersionDate "2017.08.23"]
[SourceQuality "1"]
[WhiteTeam "Altin Hamle Corum"]
[BlackTeam "Gaziante Seviye"]
[WhiteTeamCountry "TUR"]
[BlackTeamCountry "TUR"]

1. d4 d5 2. Bf4 Bf5 3. e3 e6 4. Nf3 Nf6 5. Nbd2 Be7 6. h3 0-0 7. c4 c5 8. cxd5 Qxd5 9. Bc4 Qd8 10. 0-0 Nbd7 11. dxc5 Bxc5 12. Qb3 Nb6 13. Rfd1 Qe7 14. Ne5 Rfd8 15. Rac1 Rac8 16. g4 Nxc4 17. Rxc4 Bg6 18. h4 h6 19. Nxg6 fxg6 20. f3 Nd5 21. Ne4 Nxf4 22. Rxd8+ Qxd8 23. Rxc5 Rxc5 24. Nxc5 Qc7 25. Qc4 Nd5 26. f4 b6 27. b4 bxc5 28. bxc5 Qc6 29. Qe4 Kf7 30. Qd4 Nf6 31. g5 hxg5 32. hxg5 Nd7 33. Qd6 Qxd6 34. cxd6 Nc5 35. Kf2 Ke8 36. Kf3 Kd7 37. e4 Kxd6 38. f5 gxf5 39. exf5 exf5 40. Kf4 g6 41. Ke3 Ne6 42. Kf3 Ke5 0-1

[Event "TUR-chT 2nd League"]
[Site "Konya"]
[Date "2017.07.18"]
[Round "3.14"]
[White "Cicek, Fidan"]
[Black "Yildirak, Mizgin"]
[Result "1-0"]
[WhiteElo "1367"]
[BlackElo "1519"]
[PlyCount "51"]
[EventDate "2017.07.17"]
[EventType "team-swiss"]
[EventRounds "9"]
[EventCountry "TUR"]
[SourceTitle "CBM 179 Extra"]
[Source "ChessBase"]
[SourceDate "2017.08.23"]
[SourceVersion "1"]
[SourceVersionDate "2017.08.23"]
[SourceQuality "1"]
[WhiteTeam "Antalya Calli"]
[BlackTeam "Altin Hamle Corum"]
[WhiteTeamCountry "TUR"]
[BlackTeamCountry "TUR"]

1. e4 c5 2. Nc3 e6 3. g3 Nc6 4. Bg2 Nf6 5. Nge2 Rb8 6. a4 a6 7. d3 d5 8. exd5 exd5 9. 0-0 h6 10. Bf4 Ra8 11. d4 c4 12. Be5 Be6 13. Nf4 Nb4 14. Re1 Bd6 15. Bxf6 Qxf6 16. Nxe6 fxe6 17. Nxd5 Qf7 18. Bh3 Kd8 19. Bxe6 Qg6 20. Nxb4 Bxb4 21. c3 Bd6 22. Bxc4 Kc7 23. Qb3 Rad8 24. Bd5 Rb8 25. Qc4+ Kd8 26. Re6 1-0